[Event "Prague op-B 18th"]
[Site "Prague"]
[Date "2019.01.15"]
[Round "6"]
[White "Plesnivy, Martin"]
[Black "Vavrova, Jaroslava"]
[Result "1-0"]
[WhiteElo "1698"]
[BlackElo "1423"]
[PlyCount "39"]
[EventDate "2019.01.11"]
[EventType "swiss"]
[EventRounds "9"]
[EventCountry "CZE"]
[SourceTitle "CBM 188 Extra"]
[Source "ChessBase"]
[SourceDate "2019.02.28"]
[SourceVersion "1"]
[SourceVersionDate "2019.02.28"]
[SourceQuality "1"]

1. e4 c5 2. Nf3 Nc6 3. d4 cxd4 4. Nxd4 Nf6 5. Nc3 e6 6. Be3 Bb4 7. f3 0-0 8. Qd2 a6 9. 0-0-0 b5 10. Nxc6 dxc6 11. Qxd8 Rxd8 12. Rxd8+ Bf8 13. Bc5 Nd7 14. Bxf8 Nxf8 15. e5 g6 16. Ne4 Kg7 17. Nd6 Bb7 18. Nxb7 Rxd8 19. Nxd8 Nd7 20. Nxc6 1-0

[Event "Prague Holiday K12"]
[Site "Prague"]
[Date "2014.07.24"]
[Round "7"]
[White "Plesnivy, Martin"]
[Black "Taylor, Robert Graham"]
[Result "0-1"]
[WhiteElo "1799"]
[BlackElo "1914"]
[PlyCount "86"]
[EventDate "2014.07.20"]
[EventType "tourn"]
[EventRounds "9"]
[EventCountry "CZE"]
[SourceTitle "EXT 2023"]
[Source "ChessBase"]
[SourceDate "2022.10.05"]
[SourceVersion "1"]
[SourceVersionDate "2022.10.05"]
[SourceQuality "1"]

1. d4 d5 2. c4 e6 3. Nc3 c6 4. Nf3 Nf6 5. e3 Nbd7 6. Bd3 Bd6 7. Qc2 0-0 8. Bd2 h6 9. 0-0-0 e5 10. dxe5 Nxe5 11. Nxe5 Bxe5 12. f4 Bc7 13. h3 Be6 14. f5 dxc4 15. Be2 Bd7 16. Bxc4 Qe7 17. g4 b5 18. Bd3 Nd5 19. Nxd5 cxd5 20. Kb1 Be5 21. Rdg1 Rfc8 22. Qd1 Qf6 23. Bc1 Rc7 24. h4 Rac8 25. Bd2 Bxb2 26. Qb3 Bc3 27. Bc1 Qe5 28. f6 Ba1 29. g5 Rc3 30. Qb4 a5 31. gxh6 Rxc1+ 32. Rxc1 Rxc1+ 33. Kxc1 axb4 34. fxg7 Qb2+ 35. Kd1 Bg4+ 36. Ke1 Qc3+ 37. Kf2 Qxd3 38. Rxa1 Qe2+ 39. Kg3 Qf3+ 40. Kh2 Qh3+ 41. Kg1 Qxe3+ 42. Kh2 Qe5+ 43. Kg2 Qxa1 0-1

[Event "Prague Holiday K12"]
[Site "Prague"]
[Date "2014.07.22"]
[Round "4"]
[White "Plesnivy, Martin"]
[Black "Trebbin, Wolfhard"]
[Result "0-1"]
[WhiteElo "1799"]
[BlackElo "1961"]
[PlyCount "64"]
[EventDate "2014.07.20"]
[EventType "tourn"]
[EventRounds "9"]
[EventCountry "CZE"]
[SourceTitle "EXT 2023"]
[Source "ChessBase"]
[SourceDate "2022.10.05"]
[SourceVersion "1"]
[SourceVersionDate "2022.10.05"]
[SourceQuality "1"]

1. d4 d5 2. c4 c6 3. Nc3 Nf6 4. Nf3 e6 5. e3 Be7 6. Bd3 0-0 7. 0-0 Nbd7 8. Qc2 b6 9. e4 dxe4 10. Nxe4 Bb7 11. Be3 Nxe4 12. Bxe4 Nf6 13. Bd3 Qc7 14. Ne5 c5 15. Bf4 Bd6 16. Bg5 cxd4 17. f4 h6 18. Bxf6 gxf6 19. Ng4 Kg7 20. f5 e5 21. Qf2 Be7 22. Qg3 Rg8 23. Rf2 Kh7 24. Qh4 Rxg4 25. Qxg4 Rg8 26. Qh5 Bc5 27. Re1 e4 28. Bxe4 d3 29. Qf3 d2 30. Rd1 Qe5 31. Qh5 Qxe4 32. Qxf7+ Rg7 0-1

[Event "Prague Holiday K12"]
[Site "Prague"]
[Date "2014.07.21"]
[Round "3"]
[White "Cisarik, Pavol"]
[Black "Plesnivy, Martin"]
[Result "0-1"]
[WhiteElo "1792"]
[BlackElo "1799"]
[PlyCount "100"]
[EventDate "2014.07.20"]
[EventType "tourn"]
[EventRounds "9"]
[EventCountry "CZE"]
[SourceTitle "EXT 2023"]
[Source "ChessBase"]
[SourceDate "2022.10.05"]
[SourceVersion "1"]
[SourceVersionDate "2022.10.05"]
[SourceQuality "1"]

1. e4 e6 2. d4 d5 3. Nd2 dxe4 4. Nxe4 Nf6 5. Bg5 Be7 6. Bxf6 Bxf6 7. Nf3 Nd7 8. c3 Be7 9. Bd3 f5 10. Ned2 c5 11. 0-0 0-0 12. Re1 Nb6 13. Nc4 Nd5 14. Nce5 g5 15. Bc4 g4 16. Nd2 cxd4 17. cxd4 Nf4 18. Nb3 b5 19. Bxb5 Kh8 20. Rc1 Bb7 21. Bc6 Bxc6 22. Rxc6 Qd5 23. f3 Bd6 24. Qc2 Nxg2 25. Kxg2 Bxe5 26. dxe5 Qxf3+ 27. Kg1 g3 28. Rc3 gxh2+ 29. Kxh2 Qf4+ 30. Rg3 Rg8 31. Ree3 Rxg3 32. Rxg3 Rg8 33. Qg2 Qxe5 34. Kh3 Rd8 35. Qc6 Qf6 36. Qc3 e5 37. Qc7 f4 38. Rf3 Qf5+ 39. Kg2 Rg8+ 40. Kf2 Qg5 41. Ke2 h5 42. Nc5 Qg2+ 43. Rf2 Qd5 44. Nd3 f3+ 45. Kd2 Rg2 46. Qc8+ Kg7 47. Qc7+ Kf6 48. Qxa7 e4 49. Qa6+ Kg5 50. Rxg2+ fxg2 0-1

[Event "Prague Golden op 10th"]
[Site "Prague"]
[Date "2014.06.29"]
[Round "9"]
[White "Pravda, Krystof"]
[Black "Plesnivy, Martin"]
[Result "0-1"]
[WhiteElo "1503"]
[BlackElo "1799"]
[PlyCount "46"]
[EventDate "2014.06.22"]
[EventType "swiss"]
[EventRounds "9"]
[EventCountry "CZE"]
[SourceTitle "CBM 161 Extra"]
[Source "ChessBase"]
[SourceDate "2014.08.29"]
[SourceVersion "1"]
[SourceVersionDate "2014.08.29"]
[SourceQuality "1"]

1. e4 e6 2. d4 d5 3. Nd2 dxe4 4. Nxe4 Nf6 5. Nxf6+ Qxf6 6. Nf3 h6 7. Be2 Bd6 8. 0-0 0-0 9. c4 Rd8 10. Bd2 c5 11. Bc3 cxd4 12. Bxd4 e5 13. Bc3 Nc6 14. Qc2 Nd4 15. Nxd4 exd4 16. Ba5 Qe5 17. g3 Qxa5 18. a3 Qf5 19. Qd1 Qe5 20. Re1 Qf6 21. b4 Be5 22. Rc1 d3 23. Bf3 d2 0-1

[Event "Prague Golden op 10th"]
[Site "Prague"]
[Date "2014.06.25"]
[Round "5"]
[White "Pucholt, Martin"]
[Black "Plesnivy, Martin"]
[Result "1/2-1/2"]
[WhiteElo "1619"]
[BlackElo "1799"]
[PlyCount "60"]
[EventDate "2014.06.22"]
[EventType "swiss"]
[EventRounds "9"]
[EventCountry "CZE"]
[SourceTitle "CBM 161 Extra"]
[Source "ChessBase"]
[SourceDate "2014.08.29"]
[SourceVersion "1"]
[SourceVersionDate "2014.08.29"]
[SourceQuality "1"]

1. e4 d5 2. exd5 Qxd5 3. Nc3 Qd8 4. Nf3 c5 5. d4 cxd4 6. Qxd4 Qxd4 7. Nxd4 a6 8. Nd5 Kd8 9. Nb6 Ra7 10. Nxc8 Kxc8 11. Be3 Ra8 12. 0-0-0 e6 13. Nb3 Nd7 14. g4 Ngf6 15. f3 Nd5 16. Bd2 Bc5 17. Nxc5 Nxc5 18. Bg2 Rd8 19. f4 b5 20. Bc3 f6 21. f5 Rb8 22. Bd4 Nb7 23. fxe6 Nf4 24. Bxb7+ Rxb7 25. Rhe1 Re7 26. Bc5 Rxd1+ 27. Kxd1 Rxe6 28. Bf8 Rxe1+ 29. Kxe1 Ne6 30. Bb4 Kd7 1/2-1/2

[Event "Prague Golden op 10th"]
[Site "Prague"]
[Date "2014.06.23"]
[Round "2"]
[White "Sisak, Richard"]
[Black "Plesnivy, Martin"]
[Result "1/2-1/2"]
[WhiteElo "2017"]
[BlackElo "1799"]
[PlyCount "99"]
[EventDate "2014.06.22"]
[EventType "swiss"]
[EventRounds "9"]
[EventCountry "CZE"]
[SourceTitle "CBM 161 Extra"]
[Source "ChessBase"]
[SourceDate "2014.08.29"]
[SourceVersion "1"]
[SourceVersionDate "2014.08.29"]
[SourceQuality "1"]

1. d4 d5 2. c4 e5 3. dxe5 d4 4. Nf3 Nc6 5. g3 Bg4 6. Nbd2 Qd7 7. Bg2 0-0-0 8. Qa4 Qf5 9. h3 Bxf3 10. Bxf3 Qg6 11. Bxc6 Qxc6 12. Qxc6 bxc6 13. Nf3 h6 14. Bd2 Ne7 15. c5 Ng6 16. b4 Rd5 17. Bf4 Be7 18. 0-0-0 Rhd8 19. Rd3 f6 20. exf6 Bxf6 21. Rhd1 Kb7 22. Kc2 Nf8 23. Bc1 Ne6 24. Bb2 a6 25. Nd2 Re5 26. Re1 Rf5 27. Rf1 Rh5 28. h4 g5 29. hxg5 Bxg5 30. Nc4 Be7 31. Na5+ Ka8 32. Nxc6 Rd7 33. Nxe7 Rxe7 34. e3 dxe3 35. Rxe3 Rh2 36. Rfe1 Rxf2+ 37. Kb1 Rg2 38. Rxe6 Rxe6 39. Rxe6 Rxg3 40. Rxa6+ Kb7 41. Rxh6 c6 42. Kc2 Rf3 43. a4 Rg3 44. Rh7+ Ka6 45. Bc3 Rxc3+ 46. Kd2 Rd3+ 47. Ke2 Re3+ 48. Kf2 Rf3+ 49. Kg2 Rg3+ 50. Kh2 1/2-1/2

[Event "Prague Holiday K32"]
[Site "Prague"]
[Date "2013.07.30"]
[Round "5"]
[White "Schreuder Peters, Misja"]
[Black "Plesnivy, Martin"]
[Result "1/2-1/2"]
[WhiteElo "1915"]
[BlackElo "1732"]
[PlyCount "79"]
[EventDate "2013.07.28"]
[EventType "tourn"]
[EventRounds "9"]
[EventCountry "CZE"]
[SourceTitle "EXT 2023"]
[Source "ChessBase"]
[SourceDate "2022.10.05"]
[SourceVersion "1"]
[SourceVersionDate "2022.10.05"]
[SourceQuality "1"]

1. e4 c5 2. Nf3 e6 3. Nc3 d5 4. exd5 exd5 5. Bb5+ Bd7 6. Qe2+ Ne7 7. Nxd5 Nbc6 8. c3 a6 9. Ba4 b5 10. Bc2 Bg4 11. Nxe7 Qxe7 12. Qxe7+ Bxe7 13. Be4 Rc8 14. 0-0 Bxf3 15. Bxf3 Ne5 16. Bb7 Rb8 17. d4 Rxb7 18. dxe5 Rd7 19. Be3 0-0 20. Rfd1 Rfd8 21. Rxd7 Rxd7 22. Kf1 g5 23. Ke2 Rd5 24. f4 gxf4 25. Bxf4 Kf8 26. Rd1 Rxd1 27. Kxd1 Ke8 28. Ke2 Kd7 29. Ke3 Ke6 30. Ke4 Bd8 31. b3 Bc7 32. g4 a5 33. a4 bxa4 34. bxa4 Bb8 35. h3 Bc7 36. Kd3 f6 37. Be3 fxe5 38. Bxc5 Kd5 39. Ba7 e4+ 40. Ke3 1/2-1/2

[Event "Prague Holiday K32"]
[Site "Prague"]
[Date "2013.07.28"]
[Round "1"]
[White "Hentzgen, Thomas"]
[Black "Plesnivy, Martin"]
[Result "1-0"]
[WhiteElo "2035"]
[BlackElo "1732"]
[PlyCount "37"]
[EventDate "2013.07.28"]
[EventType "tourn"]
[EventRounds "9"]
[EventCountry "CZE"]
[SourceTitle "EXT 2023"]
[Source "ChessBase"]
[SourceDate "2022.10.05"]
[SourceVersion "1"]
[SourceVersionDate "2022.10.05"]
[SourceQuality "1"]

1. c4 e5 2. Nc3 Nf6 3. g3 d5 4. cxd5 Nxd5 5. Bg2 Nxc3 6. bxc3 c6 7. Rb1 Be7 8. Nf3 Nd7 9. 0-0 0-0 10. d3 Bf6 11. Nd2 Nb6 12. c4 Qe7 13. Ne4 Rd8 14. Qb3 Be6 15. Ba3 Qc7 16. Nxf6+ gxf6 17. Qb4 Rd7 18. Rb2 Nc8 19. Qf8# 1-0

[Event "Prague Holiday K32"]
[Site "Prague"]
[Date "2013.07.28"]
[Round "2"]
[White "Plesnivy, Martin"]
[Black "Hadzala, Daniel"]
[Result "0-1"]
[WhiteElo "1732"]
[BlackElo "2088"]
[PlyCount "60"]
[EventDate "2013.07.28"]
[EventType "tourn"]
[EventRounds "9"]
[EventCountry "CZE"]
[SourceTitle "EXT 2023"]
[Source "ChessBase"]
[SourceDate "2022.10.05"]
[SourceVersion "1"]
[SourceVersionDate "2022.10.05"]
[SourceQuality "1"]

1. e4 d6 2. d4 Nf6 3. Nc3 c6 4. Bg5 Nbd7 5. f4 Qa5 6. Qd3 e5 7. Bxf6 Nxf6 8. dxe5 dxe5 9. fxe5 Ng4 10. Nf3 Bc5 11. Nd4 Nxe5 12. Qd2 Qc7 13. 0-0-0 Bg4 14. Nde2 0-0 15. Kb1 b5 16. a3 a5 17. Na2 b4 18. axb4 axb4 19. Nxb4 Qa5 20. c3 Nc4 21. Qg5 Bxb4 22. Qxa5 Bxa5 23. Rd4 Ne3 24. Ng3 Rab8 25. b4 c5 26. Rd3 Nxf1 27. Rxf1 cxb4 28. cxb4 Rxb4+ 29. Ka2 Bc7 30. Nf5 Be2 0-1